000 00963nam a2200205Ia 4500
001 b5845-40384
003 IT-MiCISF
008 161014s9999||||xx |||||||||||||| ||und||
040 _aIT-MiCISF
_cIT-MiCISF
041 _ait
100 _aVarano Maria
245 0 _aTornerà?
_bCome parlare della morte ai bambini
250 _a1a ed.
260 _a Torino
_bEga
_c2002
300 _app. 120
500 _a / morte, infanzia, famiglia / Di fronte alla morte è normale provare rabbia, disperazione e senso di smarrimento; eppure gli adulti tendono a nascondere le loro emozioni nel tentativo di proteggere i bambini dal dolore. I bambini invece - come sottolinea l'A., psicologa e psicoterapeuta - devono avere lo spazio e la possibilità di manifestare le proprie emozioni insieme agli adulti, condividere i sentimenti all'interno della famiglia, a scuola, con i compagni e gli insegnanti.
650 _amorte
942 _cBK
957 _71
999 _a40384
_bsi
_g1
_c211256
_d211256